|
|
|
|
| LEADER |
00000cam a2200000 7i4500 |
| 001 |
0000007117 |
| 002 |
000007659 |
| 005 |
20000330.0 |
| 020 |
|
|
|a 9336213953
|
| 090 |
0 |
0 |
|a 306.809595
|b GAL
|
| 100 |
1 |
|
|a Galis, Kahti
|
| 245 |
1 |
0 |
|a Adat perkahwinan masyarakat Bisaya Sarawak
|c Kahti Galis
|
| 260 |
|
|
|a Kuala Lumpur :
|b DBP ,
|c 1990
|
| 300 |
|
|
|a 93p. :
|b ill. ;
|c 21cm.
|
| 650 |
0 |
0 |
|a Bisaya Serawak (Bornean people)
|x Social life and customs
|
| 650 |
0 |
0 |
|a Marriage
|x Customs and rites
|
| 650 |
0 |
0 |
|a Weeding
|z Sarawak, Malaysia
|
| 999 |
|
|
|a 00089042
|b BUKU
|c MALAYSIANA
|e PERPUSTAKAAN KOMUNITI PETALING JAYA
|
| 999 |
|
|
|a 00089079
|b BUKU
|c MALAYSIANA
|e PERPUSTAKAAN KOMUNITI PETALING JAYA
|
| 999 |
|
|
|a 054575
|b BUKU
|c PINJAMAN
|e PERPUSTAKAAN KOMUNITI CAW KOTA DAMANSARA
|
| 999 |
|
|
|a 054576
|b BUKU
|c PINJAMAN
|e PERPUSTAKAAN KOMUNITI CAW KOTA DAMANSARA
|